000 00410pab a2200157 454500
008 180718b2012 xxu||||| |||| 00| 0 eng d
100 _aRoy, Sujit Kumar
245 _aSustainable growth, technological optimism and the Malthusian ghost
260 _c2012
300 _ap.267-272.
362 _aMar
650 _aSustainable development
773 _aManagement Accountant
908 _aN
909 _a96546
999 _c96546
_d96546